| 000 | 01759cad a22002535a 4500 | ||
|---|---|---|---|
| 001 | L145909 | ||
| 008 | 081121e20081120xxkd f s f000 0 eng d | ||
| 035 | _a(Sirsi) u145909 | ||
| 041 | 0 | _aeng | |
| 050 | 0 | 4 | _a333.338 $2 18 |
| 110 | 1 |
_aUnited Kingdom _bDepartment for Communities and Local Government _94939 |
|
| 245 | 0 | 0 |
_aHouse building _bSeptember Quarter 2008 _h[electronic resource] |
| 260 |
_aLondon _bDCLG _c2008 |
||
| 490 | 0 |
_aDCLG Housing Statistical Release _vSeptember Quarter 2008 |
|
| 505 | 2 | _aStarts and completions in England -- Tenure trends -- Regional trends -- House building targets -- Data collection -- Accompanying tables -- Background notes | |
| 520 | _aReports on the July to September 2008 period in the UK. Accompanying tables are available alongside this document on the website. From July to September 2008, there were around 22,200 new house building starts in England, down by 33% compared with the same quarter in 2007. 33,300 houses were completed, representing a fall of 18% compared to the same quarter in 2007. For the 12-month period leading to September 2008, the estimate for house building starts is 126,700, a 26% decline compared with 2007. However, the figure for completions for the same period is 154,300 and corresponds to a decrease of 9% from the 12-month period leading to September 2007. | ||
| 590 | _aKA NTK | ||
| 650 | 2 | 4 | _aDCLG QUARTERLY HOUSE BUILDING STATISTICS |
| 651 | 4 |
_aUnited Kingdom _y |
|
| 690 | _aPROPERTY-RESIDENTIAL PROPERTY-RESIDENTIAL PROPERTY DEVELOPMENT | ||
| 690 | _aBUILT ENVIRONMENT-CONSTRUCTION MARKET | ||
| 856 | 4 | 0 |
_uhttps://www.communities.gov.uk/publications/corporate/statistics/housebuildingQ32008 _zView the item free of charge at www.communities.gov.uk... |
| 942 | _n0 | ||
| 999 |
_c108961 _d108961 |
||